Slovak cities with highest population - Statistics

General Stats
  • This quiz has been taken 27 times
  • The average score is 31 of 50
Answer Stats
Population City % Correct
411 228 Bratislava
100%
240 433 Kosice
94%
52 862 Poprad
88%
40 027 Michalovce
81%
78 916 Nitra
81%
81 494 Zilina
81%
80 003 Banska Bystrica
75%
34 349 Komarno
75%
31 921 Liptovsky Mikulas
75%
57 428 Martin
75%
91 782 Presov
75%
38 045 Spisska Nova Ves
75%
55 877 Trencin
75%
66 358 Trnava
75%
43 318 Zvolen
75%
33 696 Bardejov
69%
35 053 Humenne
69%
28 475 Lucenec
69%
28 400 Ruzomberok
69%
24 401 Trebisov
69%
21 894 Brezno
63%
24 959 Cadca
63%
22 477 Dunajska Streda
63%
16 832 Kezmarok
63%
17 051 Malacky
63%
39 646 Nove Zamky
63%
41 241 Povazska Bystrica
63%
48 978 Prievidza
63%
24 640 Rimavska Sobota
63%
17 050 Senec
63%
20 255 Senica
63%
19 633 Dolny Kubin
56%
28 268 Piestany
56%
19 706 Roznava
56%
23 554 Sala
56%
19 883 Ziar nad Hronom
56%
22 701 Hlohovec
50%
34 844 Levice
50%
20 415 Nove Mesto nad Vahom
50%
24 115 Partizanske
50%
20 723 Snina
50%
27 177 Topolcany
50%
21 179 Pezinok
44%
23 250 Vranov nad Toplou
44%
19 564 Banovce nad Bebravou
38%
25 305 Dubnica nad Vahom
38%
18 168 Puchov
38%
16 235 Sered
38%
16 341 Stara Lubovna
38%
17 766 Handlova
19%
No matching quizzes found
Score Distribution
Percent of People with Each Score
Percentile by Number Answered
Your Score History
You have not taken this quiz